000
00288nam a22001337a 4500
008
170503b xxu||||| |||| 00| 0 eng d
020
_a
9781594032332
041
_a
eng
080
_a
34
100
_a
13
101
_a
SHJ
245
_a
SCHOOLS FOR MIRSULE
_c
OLSON.W
942
_2
udc
_c
BK
999
_c
12570
_d
12570